Statistics for The Sight & Sound Greatest Films of All Time 2022

Click here to take the quiz!

General Stats

  • This quiz has been taken 53 times
  • The average score is 60 of 100

Answer Stats

RankYearCountry of OriginDirectorFilm% Correct
=361931GermanyFritz LangM
98%
61968United States, United KingdomStanley Kubrick2001: A Space Odyssey
95%
31941United StatesOrson WellesCitizen Kane
95%
21958United StatesAlfred HitchcockVertigo
95%
=902019South KoreaBong Joon-hoParasite
91%
=311960United StatesAlfred HitchcockPsycho
91%
121972United StatesFrancis Ford CoppolaThe Godfather
91%
291976United StatesMartin ScorseseTaxi Driver
89%
191979United StatesFrancis Ford CoppolaApocalypse Now
86%
=841986United StatesDavid LynchBlue Velvet
84%
=631990United StatesMartin ScorseseGoodFellas
84%
82001France, United StatesDavid LynchMulholland Dr.
84%
201954JapanAkira KurosawaSeven Samurai
84%
=952017United States, JapanJordan PeeleGet Out
82%
=381954United StatesAlfred HitchcockRear Window
82%
241989United StatesSpike LeeDo the Right Thing
80%
52000Hong Kong, FranceWong Kar WaiIn the Mood for Love
80%
=671927GermanyFritz LangMetropolis
80%
181966SwedenIngmar BergmanPersona
80%
101951United StatesGene Kelly, Stanley DonenSingin' in the Rain
80%
=451975United States, United KingdomStanley KubrickBarry Lyndon
77%
=541982United States, Hong KongRidley ScottBlade Runner
77%
=631942United StatesMichael CurtizCasablanca
77%
=361931United StatesCharles ChaplinCity Lights
77%
=541960United StatesBilly WilderThe Apartment
77%
=781936United StatesCharles ChaplinModern Times
75%
=451959United StatesAlfred HitchcockNorth by Northwest
75%
=752001JapanHayao MiyazakiSpirited Away
75%
=501992Australia, FranceJane CampionThe Piano
75%
41953JapanYasujiro OzuTokyo Story
75%
=411950JapanAkira KurosawaRashomon
73%
=381959United StatesBilly WilderSome Like It Hot
73%
=501959FranceFrancois TruffautThe 400 Blows
73%
=881980United States, United KingdomStanley KubrickThe Shining
73%
=381960FranceJean-Luc GodardÀ bout de souffle
70%
=541925Soviet UnionSergei M. EisensteinBattleship Potemkin
70%
71998FranceClaire DenisBeau travail
68%
11975Belgium, FranceChantal AkermanJeanne Dielman, 23 Quai du Commerce, 1080 Bruxelles
68%
=601960Italy, FranceFederico FelliniLa dolce vita
68%
=311975Soviet UnionAndrei TarkovskyMirror
68%
=431979Soviet UnionAndrei TarkovskyStalker
68%
151956United StatesJohn FordThe Searchers
68%
=411948ItalyVittorio de SicaBicycle Thieves
66%
91929Soviet UnionDziga VertovMan with a Movie Camera
66%
=602016United StatesBarry JenkinsMoonlight
66%
=951968Italy, United StatesSergio LeoneOnce upon a Time in the West
66%
231967FranceJacques TatiPlaytime
66%
=631949United KingdomCarol ReedThe Third Man
66%
=311963Italy, FranceFederico Fellini
64%
141962France, ItalyAgnes VardaCleo from 5 to 7
64%
302019FranceCeline SciammaPortrait of a Lady on Fire
64%
=951926United StatesBuster Keaton, Clyde BruckmanThe General
64%
=541963France, ItalyJean-Luc GodardLe Mepris
61%
=721988JapanHayao MiyazakiMy Neighbour Totoro
61%
=671948United KingdomMichael Powell, Emeric PressburgerThe Red Shoes
61%
=671966Soviet UnionAndrei TarkovskyAndrei Rublev
59%
131939FranceJean RenoirLa Regle du jeu
59%
=901999Taiwan, JapanEdward YangYi Yi
59%
=721960Italy, FranceMichelangelo AntonioniL'avventura
57%
=781950United StatesBilly WilderSunset Blvd.
57%
=211927FranceCarl Th. DreyerThe Passion of Joan of Arc
57%
=881994Hong KongWong Kar WaiChungking Express
55%
=211949JapanYasujiro OzuLate Spring
52%
111927United StatesF.W. MurnauSunrise: A Song of Two Humans
52%
=451966Italy, AlgeriaGillo PontecorvoThe Battle of Algiers
52%
171989IranAbbas KiarostamiClose-up
50%
281966CzechoslovakiaVera ChytilovaDaisies
50%
=901963Italy, FranceLuchino ViscontiThe Leopard
50%
=671962FranceChris MarkerLa Jetee
48%
=251955United StatesCharles LaughtonThe Night of the Hunter
48%
351955IndiaSatyajit RayPather Panchali
45%
=541924United StatesBuster KeatonSherlock Jr.
45%
271985FranceClaude LanzmannShoah
45%
=781991TaiwanEdward YangA Brighter Summer Day
43%
=521972West GermanyRainer Werner FassbinderFear Eats the Soul
43%
=841965France, ItalyJean-Luc GodardPierrot le Fou
43%
=781994Hungary, Germany, SwitzerlandBela TarrSátántangó
43%
=672000FranceAgnes VardaThe Gleaners and I
43%
=481955DenmarkCarl Th. DreyerOrdet
41%
=251966France, SwedenRobert BressonAu hasard Balthazar
39%
591982FranceChris MarkerSans Soleil
39%
=951956FranceRobert BressonA Man Escaped
36%
=781946United KingdomMichael Powell, Emeric PressburgerA Matter of Life and Death
36%
341934FranceJean VigoL'Atalante
36%
=521976France, BelgiumChantal AkermanNews from Home
36%
661973SenegalDjibril Diop MambetyTouki Bouki
36%
=721954Italy, FranceRoberto RosselliniJourney to Italy
34%
=901953France, ItalyMax OphulsMadame de...
30%
161943United StatesMaya Deren, Alexander HackenschmiedMeshes of the Afternoon
30%
=751954JapanKenji MizoguchiSansho the Bailiff
30%
=901953JapanKenji MizoguchiUgetsu Monogatari
30%
=952004France, Thailand, Germany, Italy, SwitzerlandApichatpong WeerasethakulTropical Malady
27%
=951965Senegal, FranceOusmane SembeneBlack Girl
25%
=781974FranceJacques RivetteCeline and Julie Go Boating
23%
=841973SpainVictor EriceThe Spirit of the Beehive
23%
=841988France, SwitzerlandJean-Luc GodardHistoire(s) du cinéma
20%
=481970United StatesBarbara LodenWanda
20%
=751959United StatesDouglas SirkImitation of Life
18%
=431977United StatesCharles BurnettKiller of Sheep
18%
=601991United StatesJulie DashDaughters of the Dust
16%

Score Distribution

Percentile by Number Answered

Percent of People with Each Score

Your Score History

You have not taken this quiz